[Event "Regionalliga Nord-Ost 1819"]
[Site "Bayern"]
[Date "2018.11.25"]
[Round "3.3"]
[White "Zeltner, Gottfried"]
[Black "Kaeck, Ralf"]
[Result "0-1"]
[WhiteElo "1957"]
[BlackElo "2037"]
[PlyCount "80"]
[EventDate "2018.10.21"]
[EventType "team-tourn"]
[EventRounds "9"]
[EventCountry "GER"]
[SourceTitle "EXT 2022"]
[Source "ChessBase"]
[SourceDate "2021.10.06"]
[SourceVersion "1"]
[SourceVersionDate "2021.10.06"]
[SourceQuality "1"]
[WhiteTeam "Rothenburg"]
[BlackTeam "Kelheim SK II"]
[WhiteTeamCountry "GER"]
[BlackTeamCountry "GER"]

1. e4 e6 2. d4 d5 3. Nd2 Be7 4. e5 c5 5. c3 Nc6 6. Qg4 Kf8 7. dxc5 Nxe5 8. Qg3 Bf6 9. Ngf3 Nxf3+ 10. Nxf3 Qa5 11. Nd2 Qxc5 12. Nb3 Qe7 13. Be2 g6 14. Be3 Kg7 15. Bc5 Qe8 16. Nd4 Nh6 17. Qd3 e5 18. Nb5 Qc6 19. Be3 a6 20. Na7 Rxa7 21. Bxa7 b6 22. Qe3 d4 23. cxd4 exd4 24. Qf3 Qc7 25. Bxb6 Qxb6 26. 0-0 Ng4 27. Qa3 Be5 28. h3 Nf6 29. Bd3 Nd5 30. Rae1 Bb8 31. Be4 Qc7 32. Qg3 Nf4 33. h4 h5 34. Kh1 Bg4 35. Rc1 Qd8 36. f3 Nd3 37. f4 Nxc1 38. Rxc1 Re8 39. Bb1 Re3 40. Qh2 d3 0-1

[Event "Mittelfranken-chTB1 1718"]
[Site "Mittelfranken"]
[Date "2018.04.22"]
[Round "8.3"]
[White "Zeltner, Gottfried"]
[Black "Wittmann, Paul"]
[Result "1/2-1/2"]
[WhiteElo "1951"]
[BlackElo "2010"]
[PlyCount "34"]
[EventDate "2017.10.08"]
[EventType "team-tourn"]
[EventRounds "9"]
[EventCountry "GER"]
[SourceTitle "EXT 2022"]
[Source "ChessBase"]
[SourceDate "2021.10.06"]
[SourceVersion "1"]
[SourceVersionDate "2021.10.06"]
[SourceQuality "1"]
[WhiteTeam "Rothenburg"]
[BlackTeam "Nuernberg Zabo Eintracht"]
[WhiteTeamCountry "GER"]
[BlackTeamCountry "GER"]

1. e4 c6 2. d4 d5 3. Nd2 dxe4 4. Nxe4 Nd7 5. Nf3 Ngf6 6. Ng3 e6 7. Bd3 Be7 8. 0-0 0-0 9. Re1 c5 10. c3 b6 11. Qe2 Re8 12. Ng5 Nf8 13. dxc5 bxc5 14. N5e4 Qc7 15. Nxf6+ Bxf6 16. Nh5 Be7 17. Bf4 Bd6 1/2-1/2

[Event "Mittelfranken-chTB1 1718"]
[Site "Mittelfranken"]
[Date "2017.11.19"]
[Round "3.3"]
[White "Zeltner, Gottfried"]
[Black "Sippl, Martin"]
[Result "1/2-1/2"]
[WhiteElo "1951"]
[BlackElo "1918"]
[PlyCount "98"]
[EventDate "2017.10.08"]
[EventType "team-tourn"]
[EventRounds "9"]
[EventCountry "GER"]
[SourceTitle "EXT 2022"]
[Source "ChessBase"]
[SourceDate "2021.10.06"]
[SourceVersion "1"]
[SourceVersionDate "2021.10.06"]
[SourceQuality "1"]
[WhiteTeam "Rothenburg"]
[BlackTeam "Postbauer Heng"]
[WhiteTeamCountry "GER"]
[BlackTeamCountry "GER"]

1. e4 e5 2. Nf3 Nc6 3. Bb5 a6 4. Ba4 d6 5. 0-0 Nf6 6. d3 Be7 7. c3 Bg4 8. Re1 0-0 9. Nbd2 Re8 10. Nf1 Bf8 11. h3 Bd7 12. Ng3 g6 13. Ng5 h6 14. Nf3 Bg7 15. Be3 Qe7 16. Bc2 Qf8 17. a3 Kh8 18. Rc1 Rad8 19. Bb1 Nh7 20. d4 Bc8 21. Qc2 Bf6 22. Rcd1 h5 23. Qd2 Qe7 24. b4 Rg8 25. c4 h4 26. Nf1 g5 27. d5 Nb8 28. N3h2 g4 29. hxg4 Bxg4 30. Nxg4 Rxg4 31. Nh2 Rg6 32. f3 Rdg8 33. Ng4 Nd7 34. Re2 Bg5 35. Rf2 Ndf6 36. Nxf6 Nxf6 37. f4 exf4 38. Bxf4 Bxf4 39. Qxf4 Ng4 40. Qxf7 Qxf7 41. Rxf7 Ne5 42. Rf2 h3 43. Rdd2 hxg2 44. Rb2 Rg3 45. Rxg2 Rxg2+ 46. Rxg2 Rxg2+ 47. Kxg2 Nxc4 48. a4 Kg7 49. Bd3 Ne5 1/2-1/2

[Event "Mittelfranken-chTB1 1617"]
[Site "Mittelfranken"]
[Date "2017.05.14"]
[Round "9.5"]
[White "Zeltner, Gottfried"]
[Black "Reuter, Roland"]
[Result "1-0"]
[WhiteElo "1951"]
[BlackElo "1861"]
[PlyCount "121"]
[EventDate "2016.10.23"]
[EventType "team-tourn"]
[EventRounds "9"]
[EventCountry "GER"]
[SourceTitle "EXT 2022"]
[Source "ChessBase"]
[SourceDate "2021.10.06"]
[SourceVersion "1"]
[SourceVersionDate "2021.10.06"]
[SourceQuality "1"]
[WhiteTeam "Rothenburg"]
[BlackTeam "Muehlhof/Schwabach"]
[WhiteTeamCountry "GER"]
[BlackTeamCountry "GER"]

1. e4 c5 2. Nf3 d6 3. d4 cxd4 4. Nxd4 Nf6 5. Nc3 g6 6. Bc4 Bg7 7. 0-0 Nc6 8. Nxc6 bxc6 9. Qe2 0-0 10. e5 Ng4 11. exd6 Qxd6 12. g3 Qc5 13. Ne4 Qh5 14. f3 Bd4+ 15. Kh1 Nf6 16. c3 Bb6 17. Nf2 Bb7 18. g4 Qh4 19. Bf4 Nd5 20. Bg3 Qg5 21. Ne4 Qe3 22. Bf2 Qxe2 23. Bxe2 Rad8 24. Nc5 Bc8 25. Rad1 Nf4 26. Bc4 e5 27. b4 Rfe8 28. a4 Kg7 29. a5 Bc7 30. Ne4 f5 31. gxf5 gxf5 32. Rg1+ Ng6 33. Ng3 a6 34. Nh5+ Kh6 35. Ng3 Rxd1 36. Rxd1 e4 37. fxe4 fxe4 38. Be3+ Bf4 39. Bxf4+ Nxf4 40. Rd6+ Kg5 41. Rxc6 e3 42. Kg1 Bb7 43. Rc5+ Kg4 44. Rc7 Bd5 45. Rg7+ Kf3 46. Bxd5+ Nxd5 47. Rf7+ Nf4 48. Kf1 Rd8 49. Ke1 Rd2 50. Nh5 Re2+ 51. Kd1 Rd2+ 52. Kc1 Rxh2 53. Rxf4+ Ke2 54. Ng3+ Kd3 55. Rf3 Rf2 56. Rxf2 exf2 57. b5 axb5 58. a6 h5 59. a7 h4 60. Nf1 Ke2 61. Nh2 1-0

[Event "Mittelfranken-chTB1 1617"]
[Site "Mittelfranken"]
[Date "2017.01.22"]
[Round "5.4"]
[White "Zeltner, Gottfried"]
[Black "Zimmermann, Arnulf"]
[Result "1-0"]
[WhiteElo "1951"]
[BlackElo "1897"]
[PlyCount "107"]
[EventDate "2016.10.23"]
[EventType "team-tourn"]
[EventRounds "9"]
[EventCountry "GER"]
[SourceTitle "EXT 2022"]
[Source "ChessBase"]
[SourceDate "2021.10.06"]
[SourceVersion "1"]
[SourceVersionDate "2021.10.06"]
[SourceQuality "1"]
[WhiteTeam "Rothenburg"]
[BlackTeam "Bechhofen"]
[WhiteTeamCountry "GER"]
[BlackTeamCountry "GER"]

1. e4 c5 2. Nf3 d6 3. h3 Nf6 4. d3 e5 5. Nc3 Be7 6. Be3 0-0 7. Be2 Nc6 8. Qd2 d5 9. exd5 Nxd5 10. Nxd5 Qxd5 11. 0-0 f6 12. Nh2 Be6 13. Bf3 Qd7 14. Qe2 Rac8 15. c3 Rfd8 16. Rfd1 f5 17. Bxc6 Rxc6 18. Nf3 Qc7 19. Bg5 Bxg5 20. Nxg5 Bc8 21. Re1 Rg6 22. Nf3 e4 23. dxe4 f4 24. Nh4 Rg5 25. Nf3 Rg6 26. Kf1 b5 27. Rad1 Re8 28. Qd2 Be6 29. b3 a5 30. Nh4 Rf6 31. e5 Rf7 32. Qd6 Qc8 33. Qd3 c4 34. Qc2 cxb3 35. axb3 Rc7 36. Rc1 a4 37. bxa4 b4 38. Nf3 Qa6+ 39. Kg1 Rxc3 40. Qd1 Rxc1 41. Qxc1 Qxa4 42. Qxf4 Qa5 43. Qd2 Rd8 44. Qg5 Qb6 45. Qe7 Ba2 46. Rc1 Rf8 47. Rc7 Qg6 48. Qxb4 h6 49. Qd6 Qf5 50. Rd7 Kh7 51. Rd8 Rf7 52. Qb8 g5 53. Rh8+ Kg6 54. Qg8+ 1-0

[Event "Mittelfranken-chTB1 1617"]
[Site "Mittelfranken"]
[Date "2016.10.23"]
[Round "1.3"]
[White "Fischer, Gerd"]
[Black "Zeltner, Gottfried"]
[Result "1/2-1/2"]
[WhiteElo "1982"]
[BlackElo "1951"]
[PlyCount "62"]
[EventDate "2016.10.23"]
[EventType "team-tourn"]
[EventRounds "9"]
[EventCountry "GER"]
[SourceTitle "EXT 2022"]
[Source "ChessBase"]
[SourceDate "2021.10.06"]
[SourceVersion "1"]
[SourceVersionDate "2021.10.06"]
[SourceQuality "1"]
[WhiteTeam "Gunzenhausen"]
[BlackTeam "Rothenburg"]
[WhiteTeamCountry "GER"]
[BlackTeamCountry "GER"]

1. e4 e5 2. Bc4 d6 3. c3 c6 4. d4 b5 5. Bb3 Nd7 6. Nf3 Be7 7. 0-0 h6 8. a4 bxa4 9. Bxa4 Qc7 10. Be3 Ngf6 11. Nbd2 0-0 12. h3 Rb8 13. Bb3 a5 14. Qc2 Ba6 15. Rfe1 Nh5 16. Bc4 Bb5 17. Bf1 Bxf1 18. Rxf1 Nhf6 19. Nc4 Rb5 20. Ra2 Ra8 21. Rfa1 exd4 22. cxd4 d5 23. Nce5 Nxe5 24. Nxe5 Nxe4 25. Nxc6 Bf8 26. Rc1 Qb7 27. f3 Nd6 28. b3 Rxb3 29. Bd2 Nc4 30. Nxa5 Nxa5 31. Bxa5 Rb5 1/2-1/2

[Event "Mittelfranken-chTB2a 1415"]
[Site "Mittelfranken"]
[Date "2014.12.14"]
[Round "4.3"]
[White "Zeltner, Gottfried"]
[Black "Belich, Walter"]
[Result "1/2-1/2"]
[WhiteElo "1912"]
[BlackElo "1887"]
[PlyCount "44"]
[EventDate "2014.09.28"]
[EventType "team-tourn"]
[EventRounds "9"]
[EventCountry "GER"]
[SourceTitle "EXT 2020"]
[Source "ChessBase"]
[SourceDate "2019.10.17"]
[SourceVersion "1"]
[SourceVersionDate "2019.10.17"]
[SourceQuality "1"]
[WhiteTeam "Rothenburg"]
[BlackTeam "Nuernberg Sued SW IV"]
[WhiteTeamCountry "GER"]
[BlackTeamCountry "GER"]

1. e4 c5 2. Nf3 d6 3. d4 Nf6 4. Nc3 cxd4 5. Nxd4 a6 6. h3 Nc6 7. Bc4 g6 8. 0-0 Bg7 9. Nxc6 bxc6 10. Qf3 0-0 11. Be3 Qc7 12. Rfd1 Be6 13. Qe2 Bxc4 14. Qxc4 Rfb8 15. Rab1 a5 16. a3 Rb7 17. b4 axb4 18. axb4 Nd7 19. Ne2 Ra3 20. Nd4 Ne5 21. Qe2 Ra4 22. c3 Rb8 1/2-1/2

[Event "Mittelfranken-chTB2a 1112"]
[Site "Germany"]
[Date "2011.12.11"]
[Round "4.3"]
[White "Bolten, Daniel"]
[Black "Zeltner, Gottfried"]
[Result "1-0"]
[WhiteElo "1889"]
[BlackElo "1924"]
[PlyCount "91"]
[EventDate "2011.09.25"]
[EventType "team-tourn"]
[EventRounds "9"]
[EventCountry "GER"]
[SourceTitle "EXT 2013"]
[Source "ChessBase"]
[SourceDate "2012.11.22"]
[SourceVersion "1"]
[SourceVersionDate "2012.11.22"]
[SourceQuality "1"]
[WhiteTeam "Nuernberg Sued SW III"]
[BlackTeam "Rothenburg"]
[WhiteTeamCountry "GER"]
[BlackTeamCountry "GER"]

1. c4 Nf6 2. g3 g6 3. Bg2 Bg7 4. Nc3 0-0 5. d4 c6 6. e4 d6 7. Nf3 Nbd7 8. 0-0 e5 9. h3 exd4 10. Nxd4 Nh5 11. Nf5 gxf5 12. Qxh5 Nf6 13. Qf3 fxe4 14. Nxe4 Nxe4 15. Qxe4 Qf6 16. g4 Be6 17. Rb1 d5 18. cxd5 Bxd5 19. Qa4 Qe6 20. b3 Bxg2 21. Kxg2 Qd5+ 22. f3 Rfe8 23. Qc4 Rad8 24. Qxd5 Rxd5 25. Bf4 Bd4 26. Rfe1 Re6 27. Rxe6 fxe6 28. Re1 Kf7 29. h4 c5 30. Bb8 a6 31. f4 b5 32. Kf3 Bg7 33. Re2 c4 34. bxc4 bxc4 35. Be5 Bf8 36. Rc2 Ra5 37. Ke4 Be7 38. h5 Bf6 39. Bxf6 Kxf6 40. g5+ Kf7 41. Rxc4 Rxa2 42. Rc7+ Kg8 43. Ke5 h6 44. g6 Ra5+ 45. Kxe6 Rxh5 46. Kf6 1-0

[Event "Mittelfranken-chTB2a 0910"]
[Site "Mittelfranken"]
[Date "2009.10.25"]
[Round "2.3"]
[White "Zeltner, Gottfried"]
[Black "Nickmann, Peter"]
[Result "1/2-1/2"]
[WhiteElo "1907"]
[BlackElo "1902"]
[PlyCount "91"]
[EventDate "2009.10.11"]
[EventType "team-tourn"]
[EventRounds "9"]
[EventCountry "GER"]
[SourceTitle "EXT 2011"]
[Source "ChessBase"]
[SourceDate "2010.11.26"]
[SourceVersion "1"]
[SourceVersionDate "2010.11.26"]
[SourceQuality "1"]
[WhiteTeam "Rothenburg"]
[BlackTeam "Fuerth SF II"]
[WhiteTeamCountry "GER"]
[BlackTeamCountry "GER"]

1. e4 c5 2. Nf3 Nc6 3. Bc4 e6 4. 0-0 d5 5. exd5 exd5 6. Bb5 a6 7. Re1+ Be7 8. Bxc6+ bxc6 9. d4 Be6 10. dxc5 Bxc5 11. Be3 Bxe3 12. Rxe3 Ne7 13. Nd4 0-0 14. Nxe6 fxe6 15. c3 Rf6 16. Qe2 Ng6 17. Nd2 e5 18. Rg3 Qb6 19. b3 Raf8 20. Rf3 Nh4 21. Rxf6 Rxf6 22. Qe3 Qxe3 23. fxe3 e4 24. c4 Kf7 25. cxd5 cxd5 26. Rc1 Nf5 27. Rc7+ Ne7 28. b4 Rc6 29. Rxc6 Nxc6 30. a3 Ke6 31. Nb3 Kd6 32. Kf2 Kc7 33. Ke2 Kb6 34. Nc5 a5 35. Ne6 axb4 36. axb4 Nxb4 37. Nxg7 Nc6 38. h4 Ne7 39. g4 Kc6 40. h5 Kd7 41. g5 Ng8 42. h6 Ke7 43. g6 Nxh6 44. Nf5+ Kf6 45. Nxh6 Kxg6 46. Ng8 1/2-1/2

[Event "Mittelfranken-chTB2a 0910"]
[Site "Mittelfranken"]
[Date "2009.10.11"]
[Round "1.4"]
[White "Zeltner, Gottfried"]
[Black "Habermann, Manfred"]
[Result "1-0"]
[WhiteElo "1907"]
[BlackElo "1898"]
[PlyCount "177"]
[EventDate "2009.10.11"]
[EventType "team-tourn"]
[EventRounds "9"]
[EventCountry "GER"]
[SourceTitle "EXT 2011"]
[Source "ChessBase"]
[SourceDate "2010.11.26"]
[SourceVersion "1"]
[SourceVersionDate "2010.11.26"]
[SourceQuality "1"]
[WhiteTeam "Rothenburg"]
[BlackTeam "Herzogenaurach"]
[WhiteTeamCountry "GER"]
[BlackTeamCountry "GER"]

1. e4 e6 2. d4 b6 3. Nf3 Bb7 4. Bd3 g6 5. Bg5 f6 6. Bh4 Bg7 7. c3 Ne7 8. Nbd2 0-0 9. 0-0 Qe8 10. Qb3 Nbc6 11. Bg3 Rc8 12. Rfe1 Qf7 13. Nc4 Kh8 14. Rad1 d5 15. exd5 Nxd5 16. Ne3 Nce7 17. Nf1 Bh6 18. Be4 c6 19. Bd6 Rfd8 20. Qa3 Ba8 21. c4 f5 22. Bxd5 cxd5 23. Bxe7 Re8 24. Bd6 dxc4 25. Be5+ Kg8 26. Re2 Qb7 27. Ne1 b5 28. Qh3 Bg5 29. Qg3 Qe7 30. Nf3 Bh6 31. Qh3 Bf8 32. a3 h6 33. Qh4 g5 34. Qg3 Kh7 35. h4 g4 36. Ne1 Qf7 37. Bd6 Bg7 38. Be5 Bf8 39. Qe3 Be7 40. Bg3 Bd8 41. d5 e5 42. Bxe5 Bxh4 43. Qd4 Rcd8 44. Ne3 Bg5 45. Bf4 Re4 46. Qc5 Bxf4 47. Qxb5 Bxe3 48. Rxe3 Rxe3 49. fxe3 Bxd5 50. Qc5 Rd7 51. Nc2 Be4 52. Nd4 Bd3 53. Qe5 Re7 54. Qf4 Kg6 55. Nc6 Re4 56. Qxe4 fxe4 57. Ne5+ Kf6 58. Nxf7 Kxf7 59. Kf2 Kg6 60. g3 h5 61. Rh1 Kg5 62. Ke1 Kg6 63. Kd2 Kg5 64. Kc3 Kg6 65. Kd4 Kg5 66. Rh2 Kg6 67. Ke5 Kg5 68. Rh4 a6 69. Rh2 Bf1 70. Kxe4 Bh3 71. Rd2 h4 72. Rd5+ Kg6 73. Kf4 hxg3 74. Kxg3 Kf6 75. Rd6+ Ke5 76. Rxa6 Ke4 77. Re6+ Kd3 78. a4 Kc2 79. Rb6 Kd2 80. a5 Bf1 81. a6 Be2 82. a7 Bf3 83. Ra6 Ba8 84. e4 Kc2 85. e5 Kxb2 86. Rb6+ Ka3 87. Rb8 Bd5 88. a8Q+ Bxa8 89. Rxa8+ 1-0

[Event "Mittelfrankenliga-B2b 0708"]
[Site "Mittelfranken"]
[Date "2007.11.25"]
[Round "3.2"]
[White "Zeltner, Gottfried"]
[Black "Goetz, Dieter"]
[Result "1/2-1/2"]
[WhiteElo "1897"]
[BlackElo "1849"]
[PlyCount "55"]
[EventDate "2007.10.14"]
[EventType "team-tourn"]
[EventRounds "9"]
[EventCountry "GER"]
[SourceTitle "EXT 2011"]
[Source "ChessBase"]
[SourceDate "2010.11.26"]
[SourceVersion "1"]
[SourceVersionDate "2010.11.26"]
[SourceQuality "1"]
[WhiteTeam "Rothenburg"]
[BlackTeam "Nuernberg SK 1911 II"]
[WhiteTeamCountry "GER"]
[BlackTeamCountry "GER"]

1. e4 d6 2. b3 Nf6 3. d3 e5 4. Nf3 Bg4 5. Be2 Be7 6. Nbd2 0-0 7. Nc4 h6 8. h3 Be6 9. Be3 c6 10. Qd2 b5 11. Nb2 Nbd7 12. 0-0 a6 13. c4 d5 14. exd5 cxd5 15. d4 dxc4 16. bxc4 exd4 17. Nxd4 Bxc4 18. Nxc4 bxc4 19. Nc6 Qe8 20. Nxe7+ Qxe7 21. Bxc4 Ne5 22. Bb3 Rfd8 23. Qa5 Nc6 24. Qb6 Ne5 25. Rac1 Nd5 26. Bxd5 Rxd5 27. Rc7 Qd8 28. Rc2 1/2-1/2

[Event "Mittelfrankenliga-B2b 0708"]
[Site "Mittelfranken"]
[Date "2007.10.14"]
[Round "1.4"]
[White "Margraf, Matthias"]
[Black "Zeltner, Gottfried"]
[Result "1/2-1/2"]
[WhiteElo "1892"]
[BlackElo "1897"]
[PlyCount "102"]
[EventDate "2007.10.14"]
[EventType "team-tourn"]
[EventRounds "9"]
[EventCountry "GER"]
[SourceTitle "EXT 2011"]
[Source "ChessBase"]
[SourceDate "2010.11.26"]
[SourceVersion "1"]
[SourceVersionDate "2010.11.26"]
[SourceQuality "1"]
[WhiteTeam "Buechenbach/Roth II"]
[BlackTeam "Rothenburg"]
[WhiteTeamCountry "GER"]
[BlackTeamCountry "GER"]

1. e4 e5 2. Nf3 d6 3. d4 Nd7 4. Bc4 c6 5. Nc3 h6 6. a4 Ngf6 7. Be3 Be7 8. Bb3 0-0 9. 0-0 b6 10. Qe2 Qc7 11. Rfd1 exd4 12. Nxd4 Nc5 13. f3 Nxb3 14. cxb3 a6 15. Rac1 c5 16. Nf5 Bxf5 17. exf5 Rfd8 18. Nd5 Qb7 19. Qd3 Nxd5 20. Qxd5 Qxd5 21. Rxd5 Bf6 22. Rc2 Re8 23. Kf2 Rad8 24. Rcd2 Rd7 25. Rxd6 Rde7 26. Bf4 Bd4+ 27. Kg3 Rb7 28. b4 a5 29. bxc5 bxc5 30. Ra6 Bxb2 31. Rc2 Be5 32. Rxa5 Bxf4+ 33. Kxf4 Rb4+ 34. Kg3 Re5 35. Raxc5 Rxc5 36. Rxc5 Rxa4 37. h4 Kf8 38. Rc7 Rb4 39. Ra7 Rc4 40. Kh3 Rf4 41. Ra5 Ke7 42. Kg3 Rb4 43. f4 Rb2 44. h5 Rb1 45. Kg4 Rg1 46. g3 Rh1 47. Ra6 f6 48. Ra7+ Kf8 49. Rd7 Kg8 50. Ra7 Kf8 51. Ra5 Kg8 1/2-1/2

[Event "Mittelfrankenliga-B2b 0607"]
[Site "Mittelfranken"]
[Date "2007.03.25"]
[Round "8.4"]
[White "Horneber, Thomas"]
[Black "Zeltner, Gottfried"]
[Result "0-1"]
[WhiteElo "1910"]
[BlackElo "1903"]
[PlyCount "84"]
[EventDate "2006.10.22"]
[EventType "team-tourn"]
[EventRounds "9"]
[EventCountry "GER"]
[SourceTitle "EXT 2011"]
[Source "ChessBase"]
[SourceDate "2010.11.26"]
[SourceVersion "1"]
[SourceVersionDate "2010.11.26"]
[SourceQuality "1"]
[WhiteTeam "Heilsbronn"]
[BlackTeam "Rothenburg"]
[WhiteTeamCountry "GER"]
[BlackTeamCountry "GER"]

1. e4 e5 2. Nf3 Nc6 3. d4 exd4 4. Nxd4 Bc5 5. Be3 Nxd4 6. Bxd4 Bxd4 7. Qxd4 Qf6 8. Qxf6 Nxf6 9. Nc3 0-0 10. 0-0-0 d6 11. Bc4 Be6 12. Bxe6 fxe6 13. f3 Nh5 14. Rd2 a6 15. Rhd1 Rf7 16. Ne2 Kf8 17. Nd4 Ke7 18. c4 e5 19. Nf5+ Ke8 20. c5 dxc5 21. Rd5 Nf4 22. Rxe5+ Kf8 23. g3 Ne2+ 24. Kd2 Nd4 25. Nxd4 cxd4 26. Ke2 Rd8 27. Rd5 Rxd5 28. exd5 Re7+ 29. Kf2 Rd7 30. Rxd4 Ke7 31. Ke3 Kd6 32. b4 Re7+ 33. Re4 Re5 34. h4 Kxd5 35. Rxe5+ Kxe5 36. g4 b6 37. f4+ Kd5 38. h5 g6 39. f5 gxh5 40. g5 Ke5 41. g6 hxg6 42. fxg6 Kf6 0-1

[Event "Mittelfrankenliga-B2b 0607"]
[Site "Mittelfranken"]
[Date "2007.01.28"]
[Round "5.4"]
[White "Zeltner, Gottfried"]
[Black "Kirch, Dietmar"]
[Result "1/2-1/2"]
[WhiteElo "1903"]
[BlackElo "1997"]
[PlyCount "79"]
[EventDate "2006.10.22"]
[EventType "team-tourn"]
[EventRounds "9"]
[EventCountry "GER"]
[SourceTitle "EXT 2011"]
[Source "ChessBase"]
[SourceDate "2010.11.26"]
[SourceVersion "1"]
[SourceVersionDate "2010.11.26"]
[SourceQuality "1"]
[WhiteTeam "Rothenburg"]
[BlackTeam "Buechenbach/Roth"]
[WhiteTeamCountry "GER"]
[BlackTeamCountry "GER"]

1. e4 c6 2. d4 d5 3. Nd2 dxe4 4. Nxe4 Bf5 5. Ng3 Bg6 6. Nf3 Nd7 7. Be2 e6 8. 0-0 Ngf6 9. c3 Bd6 10. Qb3 Qc7 11. Re1 0-0 12. Nh4 c5 13. Nxg6 hxg6 14. Bf3 cxd4 15. cxd4 Nb6 16. Bg5 Nfd5 17. Rac1 Qd7 18. Ne4 Rfb8 19. Nc5 Qe8 20. Ra1 a5 21. a4 Rc8 22. Rac1 Rc6 23. Qb5 Qc8 24. Bd2 Qc7 25. g3 Bxc5 26. dxc5 Nd7 27. Bxd5 exd5 28. Bf4 Qc8 29. Re7 Nxc5 30. Rxb7 Qxb7 31. Qxb7 Nxb7 32. Rxc6 Rd8 33. Kf1 Rd7 34. Ke2 f6 35. Kd3 g5 36. Bb8 g4 37. Kd4 Nd8 38. Rb6 Kf7 39. Bf4 Ne6+ 40. Kd3 1/2-1/2

[Event "Mittelfrankenliga-B2b 0607"]
[Site "Mittelfranken"]
[Date "2006.11.12"]
[Round "2.4"]
[White "Zeltner, Gottfried"]
[Black "Pfeiffer, Georg"]
[Result "1/2-1/2"]
[WhiteElo "1903"]
[BlackElo "1890"]
[PlyCount "49"]
[EventDate "2006.10.22"]
[EventType "team-tourn"]
[EventRounds "9"]
[EventCountry "GER"]
[SourceTitle "EXT 2011"]
[Source "ChessBase"]
[SourceDate "2010.11.26"]
[SourceVersion "1"]
[SourceVersionDate "2010.11.26"]
[SourceQuality "1"]
[WhiteTeam "Rothenburg"]
[BlackTeam "Postbauer II"]
[WhiteTeamCountry "GER"]
[BlackTeamCountry "GER"]

1. e4 c5 2. Nf3 e6 3. d4 cxd4 4. Nxd4 a6 5. Bd3 Qc7 6. 0-0 b5 7. a4 b4 8. c4 Nf6 9. Be3 Bb7 10. Nd2 Nc6 11. Nxc6 Qxc6 12. f3 Bc5 13. Qe2 d6 14. Nb3 Bxe3+ 15. Qxe3 0-0 16. Na5 Qc7 17. Nxb7 Qxb7 18. e5 dxe5 19. Qxe5 Rfd8 20. Rad1 Nd7 21. Qg5 Qb6+ 22. Kh1 Nc5 23. Be4 Rac8 24. Qc1 b3 25. Rxd8+ 1/2-1/2

[Event "Mittelfranken-ch HT 48th"]
[Site "Puschendorf"]
[Date "1999.??.??"]
[Round "1"]
[White "Erlbeck, Peter"]
[Black "Zeltner, Gottfried"]
[Result "1-0"]
[WhiteElo "2070"]
[BlackElo "1865"]
[PlyCount "48"]
[EventDate "1999.04.??"]
[EventType "swiss"]
[EventRounds "9"]
[EventCountry "GER"]
[SourceTitle "EXT 2004"]
[Source "ChessBase"]
[SourceDate "2003.11.25"]
[SourceVersion "1"]
[SourceVersionDate "2003.11.25"]
[SourceQuality "1"]

1. e4 e5 2. Nf3 Nc6 3. Bb5 a6 4. Bxc6 dxc6 5. 0-0 Bg4 6. h3 h5 7. d3 Bxf3 8. Qxf3 Qd7 9. Be3 f6 10. Nd2 g5 11. Nb3 g4 12. Qg3 0-0-0 13. Rad1 gxh3 14. Qxh3 Qxh3 15. gxh3 Bh6 16. Bxh6 Rxh6 17. Kh2 f5 18. f3 Ne7 19. Rg1 fxe4 20. fxe4 c5 21. Rdf1 b6 22. Rg7 Re8 23. Rff7 Kd8 24. Nd2 Rg6 1-0